| 000 -ლიდერი |
| ფიქსირებული სიგრძის საკონტროლო ველი |
00899nam a22001937a 4500 |
| 003 - საკონტროლო ნომრის იდენტიფიკატორი |
| საკონტროლო ველი |
Ge_BSU |
| 005 - ბოლო ოპერაციის თარიღი და დრო |
| საკონტროლო ველი |
20241115120454.0 |
| 008 - ფიქსირებული სიგრძის მონაცემთა ელემენტები - ზოგადი ინფორმაცია |
| ფიქსირებული სიგრძის საკონტროლო ველი |
241115s1975 ge ||||| |||| 00| 0 geo d |
| 041 ## - ენის კოდი |
| Language code of text/sound track or separate title |
geo |
| 080 ## - უნივერსალური ათობითი კლასიფიკაციის ინდექსი |
| Universal Decimal Classification number |
612(075.32) მ-32 |
| 100 ## - მთავარი ჩანაწერი - პიროვნების სახელი |
| Personal name |
მარკოსიანი, ა. |
| 9 (RLIN) |
23701 |
| 245 ## - ცნობა სათაურის შესახებ |
| Title |
ფიზიოლოგია : |
| Remainder of title |
სახელმძღვ. სამედიცინო სასწავლებლის მოსწავლეებისათვის / |
| Statement of responsibility, etc |
ა. მარკოსიანი. |
| 250 ## - გამოცემის ცნობა |
| Edition statement |
მე-7 გამოც. |
| 264 ## - წარმოების, გამოცემის, დისტრიბუციის და სხვა ცნობები |
| გამოცემის, წარმოების, დისტრიბუციის... ადგილი |
თბილისი: |
| გამოცემის, წარმოების, დისტრიბუციის... სახელწოდება |
განათლება, |
| გამოცემის, წარმოების, დისტრიბუციის... თარიღი |
1975. |
| 300 ## - ფიზიკური აღწერა |
| Extent |
419 გვ. : |
| Other physical details |
ილ. ; |
| Dimensions |
22 სმ. |
| 653 ## - INDEX TERM--UNCONTROLLED |
| Uncontrolled term |
ფიზიოლოგია |
| 653 ## - INDEX TERM--UNCONTROLLED |
| Uncontrolled term |
სახელმძღვანელო სამედიცინო სასწავლებლისათვის |
| 942 ## - ADDED ENTRY ELEMENTS (KOHA) |
| Source of classification or shelving scheme |
|
| Koha item type |
წიგნი |